Solidaridad Obrera : el fer-se i desfer-se d'un diari anarco-sindicalista (1915-1939) / Susanna Tavera el fer-se i desfer-se d'un diari anarco-sindicalista (1915-1939) / Susanna Tavera
ISBN:
84-604-2965-2
Descripción Física:
157 p. : il. ; 24 cm
Colección:
Vaixells de paper ; 11
MARC
| LEADER | 00000nam a2200000Ia 4500 | ||
|---|---|---|---|
| 001 | 9766 | ||
| 008 | 160829s1992 xx 000 0 cat d | ||
| 020 | |a 84-604-2965-2 | ||
| 080 | |a O-1-33 | ||
| 100 | 1 | |a Tavera, Susanna, |d 1945- |9 2342 | |
| 245 | |a Solidaridad Obrera : |b el fer-se i desfer-se d'un diari anarco-sindicalista (1915-1939) / Susanna Tavera | ||
| 260 | |a Barcelona : |b Diputació de Barcelona : |b Col·legi de Periodistes de Catalunya, |c 1992 | ||
| 300 | |a 157 p. : |b il. ; |c 24 cm | ||
| 490 | |a Vaixells de paper ; 11 | ||
| 650 | |a Solidaridad Obrera (Diari) |x 1915/1939 |9 34145 | ||
| 650 | |a Diaris |x Catalunya |x Història |9 34146 | ||
| 710 | 2 | |a Col·legi de Periodistes de Catalunya |9 52967 | |
| 901 | |a Arxiu | ||
| 942 | |n 1 | ||
| 952 | |0 0 |1 0 |4 0 |6 O133 |7 1 |9 46397 |a Arxiu |b Arxiu |d 2016-12-01 |l 0 |o O-1-33 |p 9766 |r 2016-12-01 00:00:00 |w 2016-12-01 |y ARXIU | ||
| 999 | |c 50182 |d 50182 | ||